000 00671nam a22001937a 4500
005 20100806135532.0
010 _aENG-98561
020 _a9788190759861
_c100.00
035 _aEN-82094
037 _bDBAD/PUB
082 _a658.15
100 _aSumathi,M S
_97709
245 _aManagerial Economics /
_cby M S Sumathi
260 _aChennai
_bThird Eye Publications
_c2008
270 _a257,Second Main Road Nehru Nagar Perungudi
_bChennai
_e5
300 _a141p
_c19cm(pbk)
942 _2ddc
_cEN
_h658.15
_mSUM
999 _c39752
_d39752